<?xml version="1.0" encoding="UTF-8"?>
<record
    xmlns:xsi="http://www.w3.org/2001/XMLSchema-instance"
    xsi:schemaLocation="http://www.loc.gov/MARC21/slim http://www.loc.gov/standards/marcxml/schema/MARC21slim.xsd"
    xmlns="http://www.loc.gov/MARC21/slim">

  <leader>00823nam a2200217Ia 4500</leader>
  <controlfield tag="005">20220303105306.0</controlfield>
  <controlfield tag="008">210716s2005    xx            000 0 und d</controlfield>
  <datafield tag="020" ind1=" " ind2=" ">
    <subfield code="a">9780070581944</subfield>
  </datafield>
  <datafield tag="040" ind1=" " ind2=" ">
    <subfield code="c">AIMIT LIBRARY</subfield>
  </datafield>
  <datafield tag="041" ind1=" " ind2=" ">
    <subfield code="a">eng</subfield>
  </datafield>
  <datafield tag="082" ind1=" " ind2=" ">
    <subfield code="a">659.1 </subfield>
    <subfield code="2">6</subfield>
    <subfield code="b">BELG</subfield>
  </datafield>
  <datafield tag="100" ind1=" " ind2=" ">
    <subfield code="a">Belch, George E.</subfield>
    <subfield code="9">22475</subfield>
  </datafield>
  <datafield tag="245" ind1=" " ind2=" ">
    <subfield code="a">Advertising and promotion :</subfield>
    <subfield code="b">an integrated marketing communications perspective /</subfield>
    <subfield code="c">By George E. Belch and Michael A. Belch.</subfield>
  </datafield>
  <datafield tag="250" ind1=" " ind2=" ">
    <subfield code="a">6th ed.</subfield>
  </datafield>
  <datafield tag="260" ind1=" " ind2=" ">
    <subfield code="a">New Delhi :</subfield>
    <subfield code="b">Tata McGraw Hill Publishing Company Ltd ,</subfield>
    <subfield code="c">2005.</subfield>
  </datafield>
  <datafield tag="300" ind1=" " ind2=" ">
    <subfield code="a">Xxvi, 779p. ;</subfield>
    <subfield code="c">27.5 cm.</subfield>
  </datafield>
  <datafield tag="650" ind1=" " ind2=" ">
    <subfield code="a">Integrated marketing program situation analysis</subfield>
    <subfield code="9">22476</subfield>
  </datafield>
  <datafield tag="650" ind1=" " ind2=" ">
    <subfield code="a">Objectives and budgeting for integrated marketing communications programs</subfield>
    <subfield code="9">22477</subfield>
  </datafield>
  <datafield tag="700" ind1=" " ind2=" ">
    <subfield code="a">Belch, Michael A.</subfield>
    <subfield code="9">22478</subfield>
  </datafield>
  <datafield tag="942" ind1=" " ind2=" ">
    <subfield code="2">ddc</subfield>
    <subfield code="c">BK</subfield>
    <subfield code="e">6th</subfield>
    <subfield code="k">659.1 BELG</subfield>
  </datafield>
  <datafield tag="999" ind1=" " ind2=" ">
    <subfield code="c">199240</subfield>
    <subfield code="d">199240</subfield>
  </datafield>
  <datafield tag="952" ind1=" " ind2=" ">
    <subfield code="0">0</subfield>
    <subfield code="1">0</subfield>
    <subfield code="2">ddc</subfield>
    <subfield code="4">0</subfield>
    <subfield code="7">3</subfield>
    <subfield code="8">MBA</subfield>
    <subfield code="a">AIMIT</subfield>
    <subfield code="b">AIMIT</subfield>
    <subfield code="d">2005-08-16</subfield>
    <subfield code="g">395.00</subfield>
    <subfield code="i">Bill no:6723; Bill dt:2005-08-16</subfield>
    <subfield code="l">0</subfield>
    <subfield code="o">659.1 BELG</subfield>
    <subfield code="p">MBA01805</subfield>
    <subfield code="r">2025-07-21 00:00:00</subfield>
    <subfield code="v">316.00</subfield>
    <subfield code="w">2021-07-16</subfield>
    <subfield code="y">BK</subfield>
  </datafield>
  <datafield tag="952" ind1=" " ind2=" ">
    <subfield code="0">0</subfield>
    <subfield code="1">0</subfield>
    <subfield code="2">ddc</subfield>
    <subfield code="4">0</subfield>
    <subfield code="7">0</subfield>
    <subfield code="8">MBA</subfield>
    <subfield code="a">AIMIT</subfield>
    <subfield code="b">AIMIT</subfield>
    <subfield code="d">2005-08-24</subfield>
    <subfield code="g">395.00</subfield>
    <subfield code="i">Bill no:112; Bill dt:2005-08-24</subfield>
    <subfield code="l">0</subfield>
    <subfield code="o">659.1 BELG</subfield>
    <subfield code="p">MBA01818</subfield>
    <subfield code="r">2026-05-23 00:00:00</subfield>
    <subfield code="v">316.00</subfield>
    <subfield code="w">2021-07-16</subfield>
    <subfield code="y">BK</subfield>
  </datafield>
  <datafield tag="952" ind1=" " ind2=" ">
    <subfield code="0">0</subfield>
    <subfield code="1">0</subfield>
    <subfield code="2">ddc</subfield>
    <subfield code="4">0</subfield>
    <subfield code="7">0</subfield>
    <subfield code="8">MBA</subfield>
    <subfield code="a">AIMIT</subfield>
    <subfield code="b">AIMIT</subfield>
    <subfield code="d">2005-08-24</subfield>
    <subfield code="g">395.00</subfield>
    <subfield code="i">Bill no:112; Bill dt:2005-08-24</subfield>
    <subfield code="l">0</subfield>
    <subfield code="o">659.1 BELG</subfield>
    <subfield code="p">MBA01819</subfield>
    <subfield code="r">2026-05-23 00:00:00</subfield>
    <subfield code="v">316.00</subfield>
    <subfield code="w">2021-07-16</subfield>
    <subfield code="y">BK</subfield>
  </datafield>
  <datafield tag="952" ind1=" " ind2=" ">
    <subfield code="0">0</subfield>
    <subfield code="1">0</subfield>
    <subfield code="2">ddc</subfield>
    <subfield code="4">0</subfield>
    <subfield code="7">0</subfield>
    <subfield code="8">MBA</subfield>
    <subfield code="a">AIMIT</subfield>
    <subfield code="b">AIMIT</subfield>
    <subfield code="d">2005-08-24</subfield>
    <subfield code="g">395.00</subfield>
    <subfield code="i">Bill no:112; Bill dt:2005-08-24</subfield>
    <subfield code="l">0</subfield>
    <subfield code="o">659.1 BELG</subfield>
    <subfield code="p">MBA01820</subfield>
    <subfield code="r">2026-05-23 00:00:00</subfield>
    <subfield code="v">316.00</subfield>
    <subfield code="w">2021-07-16</subfield>
    <subfield code="y">BK</subfield>
  </datafield>
  <datafield tag="952" ind1=" " ind2=" ">
    <subfield code="0">0</subfield>
    <subfield code="1">0</subfield>
    <subfield code="2">ddc</subfield>
    <subfield code="4">0</subfield>
    <subfield code="7">0</subfield>
    <subfield code="8">MBA</subfield>
    <subfield code="a">AIMIT</subfield>
    <subfield code="b">AIMIT</subfield>
    <subfield code="d">2005-08-24</subfield>
    <subfield code="g">395.00</subfield>
    <subfield code="i">Bill no:112; Bill dt:2005-08-24</subfield>
    <subfield code="l">0</subfield>
    <subfield code="o">659.1 BELG</subfield>
    <subfield code="p">MBA01821</subfield>
    <subfield code="r">2026-05-23 00:00:00</subfield>
    <subfield code="v">316.00</subfield>
    <subfield code="w">2021-07-16</subfield>
    <subfield code="y">BK</subfield>
  </datafield>
  <datafield tag="952" ind1=" " ind2=" ">
    <subfield code="0">0</subfield>
    <subfield code="1">0</subfield>
    <subfield code="2">ddc</subfield>
    <subfield code="4">0</subfield>
    <subfield code="7">0</subfield>
    <subfield code="8">MBA</subfield>
    <subfield code="a">AIMIT</subfield>
    <subfield code="b">AIMIT</subfield>
    <subfield code="d">2005-08-24</subfield>
    <subfield code="g">395.00</subfield>
    <subfield code="i">Bill no:112; Bill dt:2005-08-24</subfield>
    <subfield code="l">0</subfield>
    <subfield code="o">659.1 BELG</subfield>
    <subfield code="p">MBA01822</subfield>
    <subfield code="r">2026-05-23 00:00:00</subfield>
    <subfield code="v">316.00</subfield>
    <subfield code="w">2021-07-16</subfield>
    <subfield code="y">BK</subfield>
  </datafield>
  <datafield tag="952" ind1=" " ind2=" ">
    <subfield code="0">0</subfield>
    <subfield code="1">0</subfield>
    <subfield code="2">ddc</subfield>
    <subfield code="4">0</subfield>
    <subfield code="7">0</subfield>
    <subfield code="8">MBA</subfield>
    <subfield code="a">AIMIT</subfield>
    <subfield code="b">AIMIT</subfield>
    <subfield code="d">2021-07-16</subfield>
    <subfield code="i">Bill no:; Bill dt:1900-01-00</subfield>
    <subfield code="l">0</subfield>
    <subfield code="o">659.1 BELG</subfield>
    <subfield code="p">MBA03513</subfield>
    <subfield code="r">2026-05-23 00:00:00</subfield>
    <subfield code="w">2021-07-16</subfield>
    <subfield code="y">BK</subfield>
  </datafield>
  <datafield tag="952" ind1=" " ind2=" ">
    <subfield code="0">0</subfield>
    <subfield code="1">0</subfield>
    <subfield code="2">ddc</subfield>
    <subfield code="4">0</subfield>
    <subfield code="7">0</subfield>
    <subfield code="8">MBA</subfield>
    <subfield code="a">AIMIT</subfield>
    <subfield code="b">AIMIT</subfield>
    <subfield code="d">2007-08-21</subfield>
    <subfield code="g">395.00</subfield>
    <subfield code="i">Bill no:394; Bill dt:2007-08-21</subfield>
    <subfield code="l">1</subfield>
    <subfield code="o">659.1 BELG</subfield>
    <subfield code="p">MBA04442</subfield>
    <subfield code="r">2026-05-23 00:00:00</subfield>
    <subfield code="s">2023-07-11</subfield>
    <subfield code="v">316.00</subfield>
    <subfield code="w">2021-07-16</subfield>
    <subfield code="y">BK</subfield>
  </datafield>
  <datafield tag="952" ind1=" " ind2=" ">
    <subfield code="0">0</subfield>
    <subfield code="1">0</subfield>
    <subfield code="2">ddc</subfield>
    <subfield code="4">0</subfield>
    <subfield code="7">3</subfield>
    <subfield code="8">MBA</subfield>
    <subfield code="a">AIMIT</subfield>
    <subfield code="b">AIMIT</subfield>
    <subfield code="d">2008-12-01</subfield>
    <subfield code="g">395.00</subfield>
    <subfield code="i">Bill no:; Bill dt:1900-01-00</subfield>
    <subfield code="l">0</subfield>
    <subfield code="o">659.1 BELG</subfield>
    <subfield code="p">MBA05583</subfield>
    <subfield code="r">2025-07-21 00:00:00</subfield>
    <subfield code="v">395.00</subfield>
    <subfield code="w">2021-07-16</subfield>
    <subfield code="y">BK</subfield>
  </datafield>
  <datafield tag="952" ind1=" " ind2=" ">
    <subfield code="0">0</subfield>
    <subfield code="1">0</subfield>
    <subfield code="2">ddc</subfield>
    <subfield code="4">0</subfield>
    <subfield code="7">0</subfield>
    <subfield code="8">MBA</subfield>
    <subfield code="a">AIMIT</subfield>
    <subfield code="b">AIMIT</subfield>
    <subfield code="d">2009-03-17</subfield>
    <subfield code="g">395.00</subfield>
    <subfield code="i">Bill no:9191; Bill dt:2009-02-12</subfield>
    <subfield code="l">0</subfield>
    <subfield code="o">659.1 BELG</subfield>
    <subfield code="p">MBA05889</subfield>
    <subfield code="r">2026-05-23 00:00:00</subfield>
    <subfield code="v">316.00</subfield>
    <subfield code="w">2021-07-16</subfield>
    <subfield code="y">BK</subfield>
  </datafield>
</record>
